| 000 | 007140000a22002170004500 | ||
|---|---|---|---|
| 003 | LK-CoMWRAF | ||
| 005 | 20230921115324.0 | ||
| 008 | 230817t1993 ||||| |||| 00| 0 eng d | ||
| 020 | _a9559110012 | ||
| 040 |
_aLK-CoMWRAF _dLK-CoMWRAF _eLK-CoMWRAF |
||
| 041 | _aeng | ||
| 082 |
_a346 _bJAL |
||
| 100 | _aJaldeen, M.S. | ||
| 245 | _aThe Muslim law of succession inheritance and WAQF in Sri Lanka | ||
| 260 |
_aColombo: _bFederation of Association of Muslim Youth in Sri Lanka(FAMYS), _c1993 |
||
| 300 |
_axxv, 489 p. ; 22 cm. _bIndex included |
||
| 650 | _aINHERITANCE AND SUCCESSION-Sri Lanka. | ||
| 650 | _a Inheritance and succession (Islamic law)--Sri Lanka. | ||
| 650 | _aWaqf-Sri Lanka. | ||
| 942 | _cBK | ||
| 999 |
_c2548 _d2548 |
||